000 00979nam a2200301 i 4500
001 10951
003 KOSZ 005
005 20220721124926.0
008 080410s1965 pl a f 000 0 pol
015 _aPB 1965/512
040 _aWA N
_cWA N
_dKOSZ 005/RW
_dKOSZ 005/HR
046 _k1965
080 _a159.95
100 1 _aSzewczuk, Włodzimierz
_d(1913-2002)
_eAutor
245 1 0 _aPsychologia zapamiętywania :
_bbadania eksperymentalne /
_cWłodzimierz Szewczuk.
250 _aWyd. 3.
260 _aWarszawa :
_bPaństwowe Wydawnictwo Naukowe,
_c1966.
300 _a424, [4] s. :
_bil. ;
_c23 cm.
380 _aKsiążki
388 _a1901-2000
388 _a1945-1989
504 _aBibliogr. s. 424-[425].
650 4 _aPamięć
658 _aPsychologia
710 2 _aPaństwowe Wydawnictwo Naukowe
_4pbl.
856 _uhttp://koha.tu.koszalin.pl/cgi-bin/koha/opac-detail.pl?biblionumber=10951
_yKatalog online BPK
942 _2UKD
_cKS
999 _c10951
_d10951